The nigerian public administrator (Record no. 38726)

MARC details
000 -LEADER
fixed length control field 00560nam a2200169Ia 4500
022 ## - INTERNATIONAL STANDARD SERIAL NUMBER
ISSN 21412898
050 ## - CALL MARK
Classification number JQ 3081 .A1 P78/
245 #4 - TITLE STATEMENT
Title The nigerian public administrator
260 ## - PUBLICATION, DISTRIBUTION, ETC. (IMPRINT)
Place of publication Nigeria
260 ## - PUBLICATION, DISTRIBUTION, ETC. (IMPRINT)
Name of publisher Chartered institute of local government
260 ## - PUBLICATION, DISTRIBUTION, ETC. (IMPRINT)
Year of publication 2014
300 ## - PHYSICAL DESCRIPTION
Number of Pages 72 p. :ill. ; 29 cm.
650 ## - SUBJECT ADDED ENTRY--TOPICAL TERM
Topical Term Chartered Institute of Local Government and Public Administration of Nigeria--Periodicals. Public administration--Nigeria--Perio
942 ## - ADDED ENTRY ELEMENTS (KOHA)
Koha item type Serials

No items available.